| 000 | 01324cad a22002295a 4500 | ||
|---|---|---|---|
| 001 | E149950 | ||
| 008 | 100519e20100513xxk f s000 0 eng d | ||
| 020 | _a9780755983124 | ||
| 035 | _a(Sirsi) u149950 | ||
| 041 | 0 | _aeng | |
| 110 | 2 |
_aScotland _bScottish Government _95344 |
|
| 245 | 0 | 0 |
_aFRM Act annual report to parliament 2009 _bFlood Risk Management (Scotland) Act 2009 _h[electronic resource] |
| 260 |
_aEdinburgh _bScottish Government _c2010 |
||
| 505 | 2 | _aSection 1, introduction and background -- Section 2, our approach to implementing the FRM Act -- Section 3, annual progress update | |
| 520 | _aThe Flood Risk Management (Scotland) Act 2009 requires that an annual report on progress in managing flooding should be laid before the Scottish Parliament. This is the first such report and outlines the progress made by the Scottish Government, SEPA, local authorities and Scottish Water in implementing the Act and achieving compliance with the Floods Directive during 2009. | ||
| 590 | _aKA | ||
| 650 | 2 | 4 | _aFLOOD RISK MANAGEMENT (SCOTLAND) ACT 2009 |
| 651 | 4 |
_aScotland _y1999- |
|
| 690 | _aENVIRONMENTAL AND LAND CONSULTANCY-WATER RESOURCE MANAGEMENT-FLOODING | ||
| 856 | 4 | 0 |
_uhttps://www.scotland.gov.uk/Publications/2010/05/14113652/0 _zView the report free of charge at www.scotland.gov.uk |
| 942 | _n0 | ||
| 999 |
_c110685 _d110685 |
||